Los delitos contra la administración pública y la corrupción de los funcionarios. /
Guardado en:
| Autor Principal: | |
|---|---|
| Formato: | Libro |
| Idioma: | Spanish |
| Publicado: |
Ezeiza :
Huella,
2018.
|
| Edición: | 1a. ed. |
| Materias: | |
| Etiquetas: |
Agregar Etiqueta
Sin Etiquetas, Sea el primero en etiquetar este registro!
|
| LEADER | 00708nam a22001695a 4500 | ||
|---|---|---|---|
| 001 | DER.der013688 | ||
| 008 | 180903s2018####ag############000#0#spa#d | ||
| 005 | 20250711172321.0 | ||
| 245 | 1 | 0 | |a Los delitos contra la administración pública y la corrupción de los funcionarios. / |c Lucas Liendro Kapustik. |
| 250 | |a 1a. ed. | ||
| 260 | |a Ezeiza : |b Huella, |c 2018. | ||
| 300 | |a 650 p. ; |c 23 x 16 cm. | ||
| 505 | 0 | |a Tipos penales. Corrupción. Delitos relacionados. Lavado de activos. Responsabilidad penal de las personas jurídicas. Doctrina y jurisprudencia. Legislación comparada. | |
| 020 | |a 9789874547132 | ||
| 100 | 1 | |a Liendro Kapustik, Lucas. | |
| 650 | 7 | |a DERECHO PENAL | |
| 859 | |a DERECHO |b BIB. DERECHO |h 345 |i LIE |p 008732 | ||
